00452 2200181 4500001002100000005001500021035002000036245005900056100001600115250000600131300003400137260003600171082000800207084001400215020001800229600001100247990001200258INLIS00000000000337120260225105937 a0010-02260000371 aDERABAT :bCerpen Pilihan Kompas 1999 /cKenedi Nurhan0 aAhmad Sahal a5 a206 hlm :bilus ;c14 x 21 cm aJakarta :bHarian Kompas,c2001 a813 a813 AHM d a979-9251-04-4 4aCerpen a0712565